书目信息 |
| 题名: |
小学数学教师
|
|
| 作者: | ;上海教育出版社 编辑 | |
| 分册: | 第三期 | |
| 出版信息: | 上海 编者 1979 |
|
| 页数: | 123页 | |
| 开本: | 19cm | |
| 丛书名: | ||
| 单 册: | ||
| 中图分类: | G623.5 , G62 | |
| 科图分类: | ||
| 主题词: | 数学教学--小学--丛刊 | |
| 电子资源: | ||
| ISBN: | ||
| 000 | 00639nam0 2200229 45 | |
| 001 | 1575133279 | |
| 005 | 20150207154214.23 | |
| 010 | @dCNY0.37 | |
| 091 | @aCN@b7150.1919-3 | |
| 100 | @a19950716d1979 em y0chiy0121 ea | |
| 101 | 0 | @achi |
| 102 | @aCN@b310000 | |
| 105 | @ay z 000yy | |
| 200 | 10 | @a小学数学教师@Axiao xue shu xue jiao shi@e丛刊@h第三期@f上海教育出版社编辑 |
| 210 | @a上海@c编者@d1979 | |
| 215 | @a123页@d19cm | |
| 606 | @a数学教学@x小学@x丛刊 | |
| 690 | @aG623.5@v3 | |
| 690 | @aG62@v4 | |
| 711 | 02 | @a上海教育出版社@Ashang hai jiao yu chu ban she@4编辑 |
| 801 | 0 | @aCN@bTSSF@c20150207 |
| 905 | @aZUCC@dG62@eJY12:3 | |
| 小学数学教师:丛刊.第三期/上海教育出版社编辑.-上海:编者,1979 |
| 123页;19cm |
| ISBN :CNY0.37 |
| ● |
| 相关链接 |
|
|
|
|
正题名:小学数学教师
索取号:G62/JY12:3
 
预约/预借
| 序号 | 登录号 | 条形码 | 馆藏地/架位号 | 状态 | 备注 |
| 1 | 7852642 | 278526427 | 学院路分馆/ [索取号:G62/JY12:3] | 在馆 |